Don Juan de Palafox y Mendoza y sus "Comentarios a las cartas de Santa Teresa de Jesús" / (Record no. 182793)
[ view plain ]
| 000 -LEADER | |
|---|---|
| campo de control de longitud fija | 00767nam a2200181 i 4500 |
| 001 - NÚMERO DE CONTROL | |
| campo de control | 182793 |
| 003 - IDENTIFICADOR DE NÚMERO DE CONTROL | |
| campo de control | ES-MaACL |
| 005 - FECHA Y HORA DE LA ÚLTIMA TRANSACCIÓN | |
| campo de control | 20241212161058.0 |
| 008 - DATOS DE LONGITUD FIJA--INFORMACIÓN GENERAL | |
| campo de control de longitud fija | 131104s1986 sp |||| | spa d |
| 100 1# - ENTRADA PRINCIPAL--NOMBRE DE PERSONA | |
| Nombre de persona | Sánchez-Castañer, Francisco. |
| 9 (RLIN) | 102538 |
| 245 10 - MENCIÓN DEL TÍTULO | |
| Título | Don Juan de Palafox y Mendoza y sus "Comentarios a las cartas de Santa Teresa de Jesús" / |
| Mención de responsabilidad, etc. | Francisco Sánchez-Castañer y Mena. |
| 260 ## - PUBLICACIÓN, DISTRIBUCIÓN, ETC. | |
| Lugar de publicación, distribución, etc. | Madrid : |
| Nombre del editor, distribuidor, etc. | Fundación Universitaria Española, |
| Fecha de publicación, distribución, etc. | 1986. |
| 300 ## - DESCRIPCIÓN FÍSICA | |
| Extensión | P. 635-643 ; |
| Dimensiones | 24 cm. |
| 595 ## - | |
| -- | Separata: Homenaje a Pedro Sainz Rodriguez, Tomo III: Estudios Históricos, Fundación Universitaria Española, 1986. |
| 600 14 - PUNTO DE ACCESO ADICIONAL DE MATERIA--NOMBRE DE PERSONA | |
| Nombre de persona | Palafox y Mendoza, Juan de, |
| Fechas asociadas al nombre | 1600-1659 |
| 9 (RLIN) | 239354 |
| 852 ## - LOCALIZACIÓN | |
| Ubicación | ES-MaACL |
| Número de control de estantería | 2329-F-9 |
| Estatus retirado | Estado de pérdida | Estado de daño | No para préstamo | Colección | Biblioteca de origen | Biblioteca actual | Ubicación en estantería | Fecha de adquisición | Fuente de adquisición | Total de préstamos | Signatura topográfica completa | Código de barras | Visto por última vez | Precio de reemplazo | Tipo de ítem Koha |
|---|---|---|---|---|---|---|---|---|---|---|---|---|---|---|---|
| Colección de folletos | Biblioteca del Ateneo de Madrid | Biblioteca del Ateneo de Madrid | Depósito folletos | 04/11/2013 | 2329-F-9 | 1192108 | 23/02/2023 | 23/02/2023 | Folleto |
